000 00491pab a2200157 454500
008 180718b1988 xxu||||| |||| 00| 0 eng d
100 _aSiedentokf, Hunrich
245 _aPersonnel policies in the Federal Republic of Germany
_bScarce resources and modernisation programmes
260 _c1988
300 _a453-66
362 _aSept.
650 _aCivil Service - Germany, West
700 _aChristoph Hauschild
773 _aInternational Review of Administrative Sciences
909 _a5764
999 _c5764
_d5764